Datum a čas kvízu
44
Celkem bodů
Celkový počet nahraných bodů na tomto kvízu bez doplňovacích otázek.
1.
Pořadí na kvízu
Konečné umístění týmu na tomto kvízu.
Zaznamenané odpovědi
| # | Otázka | Odpověď | Body | Výsledky |
|---|---|---|---|---|
| 1. | Co bylo hlavní motivací kavárn... | C | 0 | |
| 2. | Na Světovém ekonomickém fóru v... | Václava Havla | 1 | |
| 3. | Fotografií roku 2025 se v sout... | A) konec hlubinné těžby uhlí na Ostravsku | 1 | |
| 4. | Nápojářská skupina Kofola zaví... | Nobilis Tilia | 0 | |
| 5. | Minulý týden česká média infor... | plyšovým aligátorem | 1 | |
| 6. | Jak se jmenuje italský horolez... | Reinhold Messner | 1 | |
| 7. | Jak se trojslovně jmenuje tato... | lezení na rychlost | 1 | |
| 8. | Jak se jedním slovem nazývá ho... | mačky | 1 | |
| 9. | Po půl bodu můžete získat, kdy... | El Capitan, Yosemite | 1 | |
| 10. | Jak se jmenuje fenomenální slo... | B) Janja Garnbret | 0 |